000 00733nam a2200229 i 4500
001 69109
003 ES-MaACL
005 20250729052952.0
007 t|
008 040910s2003 xxu ||||1| eng d
020 _a0-8247-4295-8
080 _a532
245 0 0 _aLiquid interfacial systems
_b: oscillations and instability /
_cRudolph V. Birikh ... [et al.].
260 _aNew York :
_bMarcel Dekker,
_c[2003]
300 _aXVI, 367 p. :
_bil. ;
_c24 cm.
490 1 _aSurfactant science series ;
_v113
650 1 7 _aDinĂ¡mica de fluidos
_2embne
_911890
700 1 _aBirikh, Rudolph V.
_928969
830 0 _aSurfactant science series ;
_v113
_9230978
852 _aES-MaACL
_jL-28059
_bR.133860
999 _c69109
_d69109